000 00303nam a22001337a 4500
020 _a978-81-264-2080-3
082 _a823
_bRAM/B
100 _aRAMCHANDANI, VINITHA
245 _aTHE BIRDMAN
260 _aKOTTAYAM
_bDC BOOKS
300 _a23.1.2019
650 _aENGLISH SHORT STORY
_zKERALA
942 _cBK
999 _c3362
_d3362